Museos, Universidad y mundialización la gestión de las colecciones y los museos universitarios en América Latina y el Caribe (Registro nro. 73610)
[ vista simple ]
| 000 -ENCABEZADO | |
|---|---|
| Número de control [NR] | 01050nam a2200229Ia 4500 |
| 008 - DE LONGITUD FIJA DE DATOS DE ELEMENTOS - INFORMACIÓN GENERAL | |
| Elementos de longitud fija [NR] | 130821s2010 ck gr spa |
| 020 ## - NUMERO INTERNACIONAL NORMALIZADO PARA LIBROS [R] | |
| Número Internacional Normalizado del libro [NR] | 978 958 719 573 6 |
| 040 ## - FUENTE DE CATALOGACION [NR] | |
| Agencia de catalogación original [NR] | Co-BoUCM |
| Idioma de catalogación [NR] | spa |
| 041 00 - CODIGO DE IDIOMA [R] | |
| Código de idioma para texto/pista de sonido o título separado [R] | Español |
| 111 2# - ASIENTO PRINCIPAL--NOMBRE DE REUNION [NR] | |
| Nombre de reunión o de jurisdicción como elemento de entrada [NR] | Cátedra latinoamericana de museología y gestión del patrimonio cultural |
| Número de la parte/sección de una obra [R] | 1 :d2007 |
| Lugar de la reunión [NR] | Bogotá |
| 9 (RLIN) | 168679 |
| 245 00 - MENCION DE TITULO [NR] | |
| Título [NR] | Museos, Universidad y mundialización la gestión de las colecciones y los museos universitarios en América Latina y el Caribe |
| Mención de responsabilidad, etc. [NR] | compilador y editor Willian Alfonso López |
| 260 ## - PUBLICACION, DISTRIBUCION, ETC. (PIE DE IMPRENTA) [R] | |
| Lugar de publicación, distribución, etc. [R] | Bogotá (Colombia) |
| Nombre del editor, distribuidor, etc. [R] | Universidad Nacional de Colombia |
| Fecha de publicación, distribución, etc. [R] | 2010 |
| 300 ## - DESCRIPCION FISICA [R] | |
| Extensión [R] | 189 páginas |
| 650 ## - ASIENTO SECUNDARIO DE MATERIA - TERMINO TEMATICO [R] | |
| Término temático o nombre geográfico como elemento de entrada [NR] | Bibliotecología |
| 9 (RLIN) | 10049 |
| 650 ## - ASIENTO SECUNDARIO DE MATERIA - TERMINO TEMATICO [R] | |
| Término temático o nombre geográfico como elemento de entrada [NR] | Museografía |
| Subdivisión geográfica [R] | América Latina |
| 9 (RLIN) | 19970 |
| 650 ## - ASIENTO SECUNDARIO DE MATERIA - TERMINO TEMATICO [R] | |
| Término temático o nombre geográfico como elemento de entrada [NR] | Museos |
| Subdivisión general [R] | Administración de colecciones |
| 9 (RLIN) | 19971 |
| 650 ## - ASIENTO SECUNDARIO DE MATERIA - TERMINO TEMATICO [R] | |
| Término temático o nombre geográfico como elemento de entrada [NR] | Museos |
| Subdivisión general [R] | Administración |
| Subdivisión geográfica [R] | América Latina |
| 9 (RLIN) | 19971 |
| 700 1# - ASIENTO SECUNDARIO - NOMBRE PERSONAL [R] | |
| Nombre personal [NR] | López, Willian Alfonso |
| Fechas asociadas con el nombre [NR] | comp. |
| 9 (RLIN) | 168680 |
| 710 1# - ASIENTO SECUNDARIO - NOMBRE CORPORATIVO [R] | |
| Nombre corporativo o de jurisdicción como elemento de entrada [NR] | Universidad Nacional de Colombia |
| Unidad subordinada [R] | Facultad de Artes |
| 9 (RLIN) | 141804 |
| 942 ## - ELEMENTOS DE ENTRADA AGREGADOS (KOHA) | |
| Tipo de ítem principal el descrito en 300a | Libro |
| Tema principal | |
| Edición | 1 |
| Parte restante de la signatura top. | C357m |
| Sistema de clasificación | DEWEY |
| Clasificación | 069.4 |
| Fecha de último préstamo | Total préstamos | Signatura topográfica | Código de barras | Última vez visto | Ejemplar | Price effective from | Tipo de ítem | Perdido | Sistema de clasificación | Dañado | No prestable | Tipo de ítem específico | Suprimido | Ubicación habitual | Ubicación actual | Localización | Fecha de creación | Forma de adquisición | Costo |
|---|---|---|---|---|---|---|---|---|---|---|---|---|---|---|---|---|---|---|---|
| 18/05/2017 | 1 | 069.4 C357m | 100113880 | 05/12/2025 | Ej.1 | 03/02/2013 | Libro | DEWEY | Libro | Claustro | Claustro | 2do piso | 28/02/2013 | Donación | 26000.00 |